000 00805nam2a22002291 4500
001 v19\rc\1939614
005 20250619215446.0
035 _a(NLR Aleph) 005053104
090 _a6915576
_c6915576
100 _a20080428d1913 |||y0rusy50 ca
101 1 _arus
_cfre
102 _aRU
105 _ay z |||a|
200 1 _aЖизнь моряка и другие рассказы
210 _d[1913]
_aБ. м.
461 0 _1001v19\rc\1939494
_12001#$aОбщедоступная библиотека$e№ 1-$v№ 349
_96914677
_cСанкт-Петербург
_d[1911]-[1914]
_nДеятель
_o№ 1-
_tОбщедоступная библиотека
_v№ 349
700 1 _aБурже
_bП.
801 0 _aRU
_bNLR
_gpsbo
801 1 _aRU
_bProSoft-M
_2rusmarc
852 _aNLR
_j37.31.10.1
942 _cBOOK
980 _aNB